New comparative grammar of Greek and Latin

Saved in:
Bibliographic Details
Main Author: Sihler, Andrew L.
Format: Book
Language:English
Published: New York : Oxford University Press, 1995
Subjects:
Tags: Add Tag
No Tags, Be the first to tag this record!

MARC

LEADER 00000nam a2200000 i 4500
001 1/89286
008 990913s1995 eng d
020 |a 0-19-508345-8 
035 |l 10052752 
040 |a GR-MY-UA  |b gre  |e aacr 
041 0 |a eng 
082 0 |a 485 
100 1 |a Sihler, Andrew L. 
245 1 0 |a New comparative grammar of Greek and Latin /  |c Andrew L. Sihler 
260 |a New York :   |b Oxford University Press,   |c 1995 
300 |a 686 p. 
504 |a Includes index 
650 0 0 |a Greek language  |x Grammar, Comparative  |x Latin. 
650 0 0 |a Latin language  |x Grammar, Comparative  |x Greek. 
852 |a INST  |b LESVOS  |e 19990913  |h 485 SIH  |p 005100019440  |q 005100019440  |t REF  |y 23 
852 |a INST  |b RHODES  |e 20071126  |h 485 SIH  |p 005400025146  |q 005400025146  |t REF  |y 23 
901 |a BIBL1-1999-3 
901 |a BIBL4-2007-3 
909 |a Λ  |b 065741 
909 |a Ρ  |b 139497 
922 |a 1ΕΛΗ  |b 199905  |c ΚΠΣ/ΚΥΒ  |d LEADER 
922 |a 4ΕΛΗ  |b 200709  |c ΕΠΕΑΕΚ2/ΤΜΣ  |d ΠΑΠΑΣΩΤΗΡΙΟΥ 
950 |a 023-1998-09-14 
970 |a ΜΟΥΣΤΑΚΑ  |b ΠΗΝΕΛΟΠΗ  |z 1999/09/24